000 01021cam a22003374a 4500
001 6629
003 FISKH
005 20250602092237.0
008 110308s2010 nyua b 000 0 eng
010 _a 2011286491
020 _a9780756658816 (plc)
020 _a9780756658809 (pb)
020 _a9780756658809
040 _aDLC
_cDLC
_dDLC
_beng
050 _aQC955 .H39
082 _a551.55
100 1 _aHayden, Kate.
245 1 0 _aTwisters! /
_cwritten by Kate Hayden.
260 _aNew York :
_bDorling Kindersley Publishing,
_c2000.
300 _a31 pages :
_bcolor illustrations ;
_c23 cm
490 0 _aDK readers. 2, Beginning to read alone
505 _aP
520 _aDescribes how tornadoes form and what effects they have on people and their surroundings.
521 8 _a630
_bLexile
521 8 _aP
_bRaz-Plus
650 0 _aTornadoes
_vJuvenile literature.
650 1 _aTornadoes.
906 _a7
_bcbc
_corigres
_d2
_encip
_f19
_gy-gencatlg
942 _2ddc
_cBK
_n0
999 _c6629
_d6629